Measurement of Economic Sustainability

Základy a súčasný stav vedomostí o meraní hospodárskej udržateľnosti. Myšlienka ekonomickej udržateľnosti, faktory vplyvu a kľúčové faktory merania ako aj existujúce koncepcie, ako napríklad Business Vitality a Business Longevity. Analýza a interpretácia preskúmaného subjektu a odporúčanie pre ďalší...

Full description

Saved in:
Bibliographic Details
Main Author: Bauer, Mathias R.
Other Authors: Markovič, Peter, 1974-
Format: Book Chapter
Language:German
Subjects:
Tags: Add Tag
No Tags, Be the first to tag this record!

MARC

LEADER 00000naa$a2200000$$$4500
001 0249910
005 20240502074012.1
041 0 |a ger 
044 |a SK 
245 1 0 |a Measurement of Economic Sustainability  |c Mathias R. Bauer, Peter Markovič 
520 |a Základy a súčasný stav vedomostí o meraní hospodárskej udržateľnosti. Myšlienka ekonomickej udržateľnosti, faktory vplyvu a kľúčové faktory merania ako aj existujúce koncepcie, ako napríklad Business Vitality a Business Longevity. Analýza a interpretácia preskúmaného subjektu a odporúčanie pre ďalší výskum a potenciálne prínosy pre vedu a prax. 
610 2 0 |a rozvoj trvalo udržateľný 
610 2 0 |a meranie 
610 2 0 |a produktivita 
610 2 0 |a kapitál 
610 2 0 |a výkonnosť 
610 2 0 |a výkonnosť ekonomiky 
610 2 0 |a zodpovednosť spoločenská 
100 1 |a Bauer, Mathias R. 
700 1 |a Markovič, Peter, 1974-